Marcas de propiedad en los libros novohispanos / (Record no. 183159)

MARC details
000 -CABECERA
campo de control de longitud fija 00671nam a2200229 a 4500
005 - FECHA Y HORA DE LA ÚLTIMA TRANSACCIÓN
campo de control 20220912111512.0
008 - ELEMENTOS DE LONGITUD FIJA--INFORMACIÓN GENERAL
campo de control de longitud fija 160602s2015 mx r 000 0 spa d
020 ## - NÚMERO INTERNACIONAL NORMALIZADO PARA LIBROS
Número Internacional Estándar del Libro 9786074954616
035 ## - NÚMERO DE CONTROL DEL SISTEMA
Número de control de sistema UPN01000211058
049 ## - COLECCIÓN
Colección CG
050 #4 - SIGNATURA TOPOGRÁFICA DE LA BIBLIOTECA DEL CONGRESO
Número de clasificación Z994 M6
Número de documento/Ítem E3.5a 2015
100 1# - ASIENTO PRINCIPAL--NOMBRE PERSONAL
Nombre de persona Carreño Velázquez, Elvia
9 (RLIN) 32707
245 10 - MENCIÓN DE TÍTULO
Título Marcas de propiedad en los libros novohispanos /
Mención de responsabilidad, etc. Elvia Carreño Velázquez ;
250 ## - MENCIÓN DE EDICIÓN
Mención de edición 2a ed.
260 ## - PUBLICACIÓN, DISTRIBUCIÓN, ETC.
Lugar de publicación, distribución, etc. México :
Nombre del editor, distribuidor, etc. FOEM,
Fecha de publicación, distribución, etc. 2015.
300 ## - DESCRIPCIÓN FÍSICA
Extensión 140 p. :
Otras características físicas il.
440 #0 - MENCIÓN DE SERIE/ASIENTO SECUNDARIO--TÍTULO
Título Fundiciones
650 #4 - ASIENTO SECUNDARIO DE MATERIA - TERMINO TEMATICO
Término de materia o nombre geográfico como elemento de entrada LIBROS -
Subdivisión general MARCAS DE PROPIEDAD
9 (RLIN) 8137
650 #7 - ASIENTO SECUNDARIO DE MATERIA - TERMINO TEMATICO
Término de materia o nombre geográfico como elemento de entrada Libros
Subdivisión geográfica México
Subdivisión general Historia
Fuente del encabezamiento o término
9 (RLIN) 16256
905 ## - TIPO DE MATERIAL
Tipo de material Libro
Holdings
Estado de retiro Estado de pérdida Fuente del sistema de clasificación o colocación Estado dañado No para préstamo Código de colección Localización permanente Ubicación/localización actual Ubicación en estantería Total de préstamos Clasificación Código de barras Fecha visto por última vez Número de copia Tipo de ítem Koha
    Library of Congress Classification     Colección General Bib. Gregorio Torres Quintero Bib. Gregorio Torres Quintero Planta baja   Z994 M6 E3.5a 2015 311436 31/12/2020 1 Libro